| 000 | 00360nam a22001337a 4500 | ||
|---|---|---|---|
| 020 | _qPB. | ||
| 040 | _cFIZZA ISHAQ | ||
| 082 |
_a909.09 _bBUS |
||
| 100 |
_aBuschmann , Rainer. _9133851 |
||
| 245 |
_aOceans in World History / _c Rainer Buschmann. |
||
| 260 |
_aNew York: _bMcGraw-Hill, _c2007. |
||
| 300 |
_a138 P. ; _c5.9 x 0.27 x 8.9 inches |
||
| 942 |
_2ddc _cBK |
||
| 999 |
_c616832 _d616832 |
||